000
00215 a2200097 4500
001
14758
100
_a
Vatikiotis
245
_a
The modern history of Egypt
260
_a
London
_b
Weidenfeld
_c
090
_c
11538
_d
11538
942
_a
NUST-CAE
_c
M
_c
1712
999
_c
249831
_d
249831